Statistics for Most Expensive Earth Elements

Click here to take the quiz!

General Stats

  • This quiz has been taken 30 times
  • The average score is 5 of 15

Answer Stats

$ / GramBegins WithElement% Correct
44.8GGold
100%
27.8PPlatinum
85%
55.9IIridium
35%
49.5PPalladium
35%
147RRhodium
31%
10.5RRuthenium
31%
12.0OOsmium
27%
15.5RRubidium
27%
3.58RRhenium
23%
660NNeptunium
15%
3.00TThulium
15%
3.46SScandium
12%
100TTechnetium
12%
4.20TThallium
8%
61.8CCaesium
4%

Score Distribution

Percentile by Number Answered

Percent of People with Each Score

Your Score History

You have not taken this quiz